| 000 | nam a22 a 4500 | ||
|---|---|---|---|
| 999 |
_c412711 _d412711 |
||
| 003 | BLK | ||
| 005 | 20210505165903.0 | ||
| 008 | 210505b bu |||||r|||| 00| | bu d | ||
| 040 | _aBLK | ||
| 041 |
_aFRE _cFRE |
||
| 080 |
_aХидротерапия (водотерапия). Балнеолечение. Курортотерапия - Лечение с бани, горещи бани, сауна, хладни бани, речно къпане, влажни фрикции, компреси, с "жива вода"(алкално активирана, с ph 9, 6;курорт _b615.838 _z615.838 |
||
| 100 |
_91299 _aPichler, Wilhelm _eпърви автор |
||
| 139 | _aPichler, Wilhelm | ||
| 245 |
_aNouveau guide de Carlsbad _btopographie et histoire de la ville thermale, appréciation médicale des thermes et de la cure, hygiène balnéaire _cWilhelm Pichler |
||
| 250 | _a2. ed. | ||
| 260 |
_9452138 _aCarlsbad _bH. Feller _c1880 |
||
| 300 |
_a211 с. _c16 см |
||
| 380 | _a61 | ||
| 490 |
_9452139 _a Feller's Bade- und Reise-Bibliothek _v6 |
||
| 490 |
_9435080 _aКолекция Редки и ценни издания |
||
| 650 | 0 |
_9421627 _aКурорти |
|
| 653 | 7 |
_9189579 _aкурорти |
|
| 653 | 0 |
_9452140 _aКарлсбад |
|
| 852 |
_aРф 880 _bРц |
||
| 942 |
_cKNG _n0 _s1 |
||
| 944 |
_aCR _c2021-05-05 _kХристина Везирева |
||